000 00952cam a2200277 a 4500
999 _c478667
_d478667
001 2599518
003 NUST
005 20180702104117.0
008 971003s1998 enk b 001 0 eng
010 _a 97038761
020 _a0745615732 (alk. paper)
020 _a0745615740 (pbk. : alk. paper)
038 _aazhar
040 _aDLC
_cDLC
_dDLC
050 0 0 _aBF575.I5
_bJ36 1998
082 0 0 _a158.2
_221
100 1 _aJamieson, Lynn,
_d1952-
_911363
245 1 0 _aIntimacy :
_bpersonal relationships in modern societies /
_cLynn Jamieson.
260 _aCambridge ;
_aMalden, MA :
_bPolity Press,
_c1998.
300 _aix, 209 p. ;
_c23 cm.
504 _aIncludes bibliographical references (p. [181]-201) and index.
650 0 _aIntimacy (Psychology)
_911364
906 _a7
_bcbc
_corignew
_d1
_eocip
_f19
_gy-gencatlg
942 _2ddc
_cBK